Využitie vzorov paralelného prehliadania na adaptívnom webe

Na minha lista:
Detalhes bibliográficos
Autor principal: Toma, Martin (Author)
Outros Autores: Labaj, Martin (Thesis advisor)
Formato: Manuscrito Livro
Idioma:eslovaco
Publicado em: 2015
Assuntos:
Acesso em linha:http://is.stuba.sk/zp/portal_zp.pl?podrobnosti=110129
Tags: Adicionar Tag
Sem tags, seja o primeiro a adicionar uma tag!

MARC

LEADER 00000ntm a22000003a 4500
001 stuzp53708
003 SK-STU
005 20160719154541.3
007 ta
008 150427s2015----xo-----f-mn---000-0-slo-d
040 |a STU  |b slo 
041 0 |a slo 
044 |a xo 
100 1 |a Toma, Martin  |u 070200  |4 aut  |U FIIT Fakulta informatiky a informačných technológií  |T FIIT Ústav informatiky a softvérového inžinierstva  |X 5772  |U I200  |Y 179  |7 A000005772 
242 0 1 |a Using Parallel Web Browsing Patterns on Adaptive Web  |y eng 
245 1 0 |a Využitie vzorov paralelného prehliadania na adaptívnom webe 
260 |c 2015 
300 |a 60 s.  |e CD-ROM 
650 4 |a odporúčanie akcií  |2 slo 
650 4 |a paralelné prehliadanie webu  |2 slo 
650 4 |a dáta o používaní webu  |2 slo 
650 4 |a adaptívny web  |2 slo 
650 4 |a adaptive web  |2 eng 
650 4 |a web usage mining  |2 eng 
650 4 |a parallel web browsing patterns  |2 eng 
650 4 |a browser action recommendation  |2 eng 
700 1 |a Labaj, Martin  |4 ths  |X 36263  |7 36263 
856 4 |u http://is.stuba.sk/zp/portal_zp.pl?podrobnosti=110129 
996 |b 284ID00034  |c I* DP33/15  |l II680  |s P  |a 0  |w stuzp53708_0001 
SQL |a stuzp53708  |b DDP  |c SLO  |d Využitie vzorov paralelného prehliadania na adaptívnom webe  |e 5772  |f Toma, Martin  |g 070200  |h 36263  |i Labaj, Martin  |j 20150610  |k 205  |l 07  |m http://is.stuba.sk/zp/portal_zp.pl?podrobnosti=110129  |n I-IS2  |o 9.2.6. informačné systémy